=LDR 00000nam 2200000 4500 =001 INLIS000000000023153 =005 20130612121834 =008 ***********************************Ind** =035 ##$$0010-061300000023153 =041 ##$$a Ind =082 ##$$a 701.15 =090 ##$$a 701.15, Mul-k =100 ##$$a Mulyani, Budhi =245 ##$$a Kreasi cantik dari kertas gelombang, Budhi Mulyani, Riky Fadhelianto =260 ##$$a 2005 $b Jakarta =300 ##$$a iv, 56 hlm., ilus, 25 cm =650 ##$$a Kreasi kertas =850 ##$$a NBPNMAT